Piłkarze - Statystyki

Ogólne statystyki
  • Ten quiz został rozwiązany 252 razy
  • Średni wynik to 6 z 15
Statystyki odpowiedzi
Hint Odpowiedź % Poprawnych
ARGENTYNA Messi
98%
PORTUGALIA Ronaldo
98%
POLSKA Lewandowski
97%
BRAZYLIA Neymar
82%
FRANCJA Mbappe
78%
POLSKA Milik
39%
NIEMCY Muller
35%
ARGENTYNA Dybala
25%
NIEMCY Neuer
20%
POLSKA Błaszczykowski
11%
PORTUGALIA Pepe
6%
FRANCJA Griezmann
5%
ARGENTYNA Messi Pepsi
2%
PORTUGALIA Fernardes
0%
CHINY Gao
0%
Nie znaleziono quizów pasujących do podanych kryteriów
Rozkład punktacji
Procent ludzi z każdym wynikiem
Percentyl według liczby udzielonych odpowiedzi
Twoja historia wyników
Nie rozwiązałeś tego quizu